000
00224nam a22000857a 4500
008
161017b xxu||||| |||| 00| 0 eng d
100
_9
868
_a
Ziefert.H.
245
_a
Harry Takes a Bath
260
_a
London
_b
Penguin Publications
_c
1987
999
_c
3521
_d
3521